| Tag |
First Indicator |
Second Indicator |
Subfields |
| LEADER |
00000cam a2200000 4500 |
| 001 |
in00000040810 |
| 005 |
20151007064657.0 |
| 008 |
730227s1932 mdu 00000 eng u |
| 010 |
|
|
|a 32033044
|
| 035 |
|
|
|a (OCoLC)00565733
|
| 035 |
|
|
|9 AAE0366AM
|
| 040 |
|
|
|c WSU
|d OCL
|d TXA
|d UtOrBLW
|
| 049 |
|
|
|a TXAM
|c 1 [87059]
|c 3 [87060]
|
| 050 |
|
0 |
|a TN147
|b .R4
|
| 092 |
|
|
|a 338.2
|b R284o
|
| 100 |
1 |
|
|a Read, Thomas Thornton,
|d 1880-1947.
|
| 245 |
1 |
0 |
|a Our mineral civilization /
|c by Thomas T. Read ...
|
| 264 |
|
1 |
|a Baltimore :
|b The Williams & Wilkins company,
|c 1932.
|
| 300 |
|
|
|a 165 pages
|
| 336 |
|
|
|a text
|b txt
|2 rdacontent
|
| 337 |
|
|
|a unmediated
|b n
|2 rdamedia
|
| 338 |
|
|
|a volume
|b nc
|2 rdacarrier
|
| 490 |
1 |
|
|a A century of progress series
|
| 650 |
|
0 |
|a Mineral industries.
|
| 650 |
|
0 |
|a Mines and mineral resources.
|
| 650 |
|
0 |
|a Petroleum.
|
| 830 |
|
0 |
|a Century of progress series.
|
| 999 |
|
|
|a MARS
|
| 999 |
f |
f |
|s 413a1938-3321-3ddb-bab1-24bd503cac0d
|i 9b4b906f-15a5-3d83-b48d-7d4414c0898a
|t 0
|
| 952 |
f |
f |
|p ric
|a Texas A&M University
|b Rellis Campus
|c Joint Library Facility
|d Remote Storage
|t 0
|e TN147 .R4
|h Library of Congress classification
|i unmediated -- volume
|m A14800762081
|
| 998 |
f |
f |
|a TN147 .R4
|t 0
|l Remote Storage
|